LIBRARY ONLINE CATALOGUE

Effect of working capital management on corporate financial performance (Record no. 18817)

MARC details
000 -LEADER
fixed length control field 00506nam a22001217a 4500
008 - FIXED-LENGTH DATA ELEMENTS--GENERAL INFORMATION
fixed length control field 210219b xxu||||| |||| 00| 0 eng d
050 ## - LIBRARY OF CONGRESS CALL NUMBER
Classification number GMB1081
Item number .C44 2017 c.1
100 ## - MAIN ENTRY--PERSONAL NAME
Personal name Cheboror, Moses Kigen
245 ## - TITLE STATEMENT
Title Effect of working capital management on corporate financial performance
Remainder of title a survey of automobile and accessories companies listed at Nairobi securities exchange Kenya
Statement of responsibility, etc. Moses kigen Cheboror
260 ## - PUBLICATION, DISTRIBUTION, ETC. (IMPRINT)
Place of publication, distribution, etc. Kabarak, Nakuru, Kenya
Name of publisher, distributor, etc. Kabarak University
Date of publication, distribution, etc. 2017
300 ## - PHYSICAL DESCRIPTION
Extent 65 leaves
942 ## - ADDED ENTRY ELEMENTS (KOHA)
Source of classification or shelving scheme Library of Congress Classification
Koha item type Thesis, Dissertation and Projecs
Holdings
Withdrawn status Lost status Source of classification or shelving scheme Not for loan Home library Current library Date acquired Total Checkouts Full call number Barcode Date last seen Price effective from Koha item type
    Library of Congress Classification   Kabarak, Main Campus Kabarak, Main Campus 19/02/2021   GMB1081 .C44 2017 c.1 030571 19/02/2021 19/02/2021 Thesis, Dissertation and Projecs
    Library of Congress Classification   Kabarak, Main Campus Kabarak, Main Campus 19/02/2021   GMB1081 .C44 2017 c.2 030572 19/02/2021 19/02/2021 Thesis, Dissertation and Projecs